La abuela / (Registro nro. 12392)

Detalles MARC
000 -LIDER
fixed length control field 00902nam a22002777a 4500
003 - IDENTIFICACDOR DE NÚMERO DE CONTROL
control field DO-SdBNP
005 - DATE AND TIME OF LATEST TRANSACTION
control field 20240403132629.0
008 - ELEMENTOS DE LONGITUD FIJA
fixed length control field 1607182005 mx a spa d
020 ## - ISBN
International Standard Book Number 9681907302
040 ## - FUENTE DE CATALOGACIÓN
Agencia que crea de manera original el registro BPMSU
Idioma de catalogación spa
Agencia que realiza la transcripción BPMSU
082 #4 - NÚMERO DE CLASIFICACIÓN DECIMAL DE DEWEY
Classification number 833.91
Item number H332a 2005
Edition number 22
100 1# - ASIENTO PRINCIPAL -- NOMBRE PERSONAL
Nombre personal Härtling, Peter,
Fechas asociadas con el nombre 1933-
245 13 - MENCIÓN DE TITULO
Título La abuela /
Mención de responsabilidad Peter Härtling ; traducción de Victor Canico ; illustraciones de Ingrid Mizsenko.
260 ## - PUBLICACIÓN, DISTRIBUCIÓN, ETC. (PIE DE IMPRENTA)
Lugar de publicación, distribución, etc Madrid :
Nombre del editor, distribuidor, etc. Alfaguara,
Fecha de publicación, distribución, etc 2005.
300 ## - DESCRIPCIÓN FÍSICA
Extensión 103 p. :
Otros detalles físicos il. ;
Dimensiones 19 cm.
490 0# - MENCIÓN DE SERIES
Mención de serie Alfaguara infantil
500 ## - NOTA GENERAL
Nota general Incluye datos biográficos de la autor.
521 ## - TARGET AUDIENCE NOTE
Target audience note Desde 10 años
590 ## - NOTA LOCAL
Texto de la nota local Inventariado, 2024/VM
650 #4 - ENCABEZAMIENTO DE MATERIA--TEMÁTICO
Término temático o nombre geográfico como elemento de entrada Cuentos infantiles alemanes
650 #4 - ENCABEZAMIENTO DE MATERIA--TEMÁTICO
Término temático o nombre geográfico como elemento de entrada Amor
Subdivisión de forma Cuentos infantiles
700 1# - ASIENTO SECUNDARIO -- NOMBRE PERSONAL
Nombre personal Mizsenko, Ingrid,
Mención de responsabilidad il.
700 1# - ASIENTO SECUNDARIO -- NOMBRE PERSONAL
Nombre personal Canicio, Víctor,
Mención de responsabilidad tr.
910 ## - VALIDACIÓN
Validación YLOCKWARD/ VMateo V. Control de calidad. BPMSU
942 ## - ADDED ENTRY ELEMENTS (KOHA)
Source of classification or shelving scheme Dewey Decimal Classification
Koha item type Libros
Existencias
Withdrawn status Lost status Source of classification or shelving scheme Damaged status Not for loan Collection code Home library Current library Date acquired Source of acquisition Total Checkouts Full call number Barcode Date last seen Price effective from Koha item type
    Dewey Decimal Classification     Colección Infantil General Biblioteca Pública Metropolitana Salomé Ureña Biblioteca Pública Metropolitana Salomé Ureña 12/13/2016 FUNDI   BPMSU CGI 833.91 H332a 2005 BPMSU16120269 12/13/2016 12/13/2016 Libros